[Event "X Festival A"]
[Site "Trieste ITA"]
[Date "2008.09.07"]
[Round "9"]
[White "Rezzuti, Vincenzo"]
[Black "Vitri, Sergio"]
[Result "1-0"]
[WhiteElo "1990"]
[BlackElo "2132"]
[PlyCount "81"]
[EventDate "2008.08.31"]

1. e4 Nf6 2. e5 Nd5 3. c4 Nb6 4. c5 Nd5 5. Bc4 c6 6. Nf3 d6 7. cxd6 exd6 8. d4
dxe5 9. dxe5 Bb4+ 10. Bd2 Bxd2+ 11. Nbxd2 O-O 12. O-O Bg4 13. Qc2 Nd7 14. Qe4
f5 15. Bxd5+ Kh8 16. Qd4 cxd5 17. Qxd5 Qe7 18. Rac1 Nb6 19. Qc5 Qe6 20. b3 Rfd8
21. h3 Bh5 22. Rfe1 Rd5 23. Qe3 Rad8 24. Rc7 R8d7 25. Rxd7 Rxd7 26. Ng5 Qe7 27.
e6 Rd8 28. Ngf3 h6 29. Nd4 Qf6 30. N2f3 Bxf3 31. Nxf3 Re8 32. Nd4 f4 33. Qe4 g6
34. Nb5 a6 35. Nd6 Re7 36. Nxb7 Kg7 37. Qc6 Qd4 38. Qc5 Qxc5 39. Nxc5 a5 40.
Rd1 Kf6 41. Nd7+ 1-0

[Event "X Festival A"]
[Site "Trieste ITA"]
[Date "2008.09.07"]
[Round "9"]
[White "Sikanjic, Bojan"]
[Black "Suc, Timothy"]
[Result "1/2-1/2"]
[WhiteElo "2177"]
[BlackElo "1833"]
[PlyCount "65"]
[EventDate "2008.08.31"]

1. Nf3 f5 2. e4 fxe4 3. Ng5 Nc6 4. d3 e3 5. Bxe3 e5 6. Be2 Nf6 7. O-O Be7 8. f4
exf4 9. Bxf4 O-O 10. Nc3 Nd4 11. Be5 Nxe2+ 12. Qxe2 d6 13. Bxf6 Bxf6 14. Ne6
Bxe6 15. Qxe6+ Kh8 16. Rae1 Bd4+ 17. Kh1 Be5 18. Ne4 Qh4 19. g3 Qh5 20. Kg2
Rae8 21. Qd7 Rd8 22. b3 h6 23. Qh3 Qg6 24. Rxf8+ Rxf8 25. Rf1 Rxf1 26. Kxf1 d5
27. Nf2 Qf6 28. Qg4 Bd4 29. Qe2 Bxf2 30. Qxf2 Qa1+ 31. Kg2 Qxa2 32. Qf8+ Kh7
33. Qf5+ 1/2-1/2

[Event "X Festival A"]
[Site "Trieste ITA"]
[Date "2008.09.07"]
[Round "9"]
[White "Srebrnic, Marko"]
[Black "Zucchelli, Massimo"]
[Result "1-0"]
[WhiteElo "2313"]
[BlackElo "2150"]
[PlyCount "67"]
[EventDate "2008.08.31"]

1. e4 e6 2. d4 d5 3. Nc3 Nc6 4. Nf3 Nf6 5. e5 Ne4 6. Bd3 Bb4 7. Bd2 Nxd2 8.
Qxd2 Bd7 9. a3 Ba5 10. O-O f6 11. Rfe1 O-O 12. b4 Bb6 13. b5 Nxd4 14. Nxd4 fxe5
15. Rxe5 Bxd4 16. Bxh7+ Kxh7 17. Qxd4 Qf6 18. g3 Qg6 19. Ne2 c5 20. bxc6 bxc6
21. c3 Qf6 22. f4 Qe7 23. Nc1 Rf5 24. Nd3 Rxe5 25. Nxe5 Be8 26. a4 c5 27. Qd3+
Kh8 28. a5 Qd6 29. Rb1 Bc6 30. Qa6 Rb8 31. Rxb8+ Qxb8 32. Nxc6 Qb1+ 33. Kf2
Qc2+ 34. Qe2 1-0

[Event "VI Festival A"]
[Site "Amantea ITA"]
[Date "2008.08.31"]
[Round "1"]
[White "Calzetta Ruiz, Monica"]
[Black "Valotta, Massimiliano"]
[Result "1-0"]
[WhiteElo "2264"]
[BlackElo "1891"]
[PlyCount "81"]
[EventDate "2008.08.31"]

1. e4 e5 2. Nf3 Nc6 3. Bb5 d6 4. d4 Bg4 5. Nc3 exd4 6. Qxd4 Qd7 7. Qa4 Bxf3 8.
gxf3 g6 9. Nd5 Bg7 10. c3 h6 11. Be3 a6 12. O-O-O Nge7 13. Rhg1 Nc8 14. Bd4 O-O
15. Bxg7 Kxg7 16. Bxc6 bxc6 17. Qd4+ f6 18. Nf4 g5 19. h4 Kh7 20. hxg5 fxg5 21.
Nd3 Na7 22. f4 Nb5 23. Qc4 Qf7 24. Qxf7+ Rxf7 25. fxg5 hxg5 26. Rxg5 Rg7 27.
Rh1+ Kg8 28. Rgh5 Re8 29. Rh8+ Kf7 30. Rxe8 Kxe8 31. a4 Na7 32. Rh8+ Kd7 33.
Ra8 Nc8 34. Rxa6 Nb6 35. a5 Nc8 36. Kd2 Rg5 37. Ra8 c5 38. b4 cxb4 39. cxb4 Ne7
40. a6 Kc6 41. Re8 1-0

[Event "VI Festival A"]
[Site "Amantea ITA"]
[Date "2008.08.31"]
[Round "1"]
[White "De Leon Cultri Fascetti, Angelo"]
[Black "Naumkin, Igor"]
[Result "1/2-1/2"]
[WhiteElo "2089"]
[BlackElo "2502"]
[PlyCount "108"]
[EventDate "2008.08.31"]

1. d4 e6 2. Nf3 f5 3. g3 Nf6 4. Bg2 Be7 5. O-O O-O 6. c4 d6 7. b3 Qe8 8. Nbd2
Nc6 9. Bb2 Qh5 10. Qb1 Bd7 11. e4 e5 12. dxe5 dxe5 13. Qd1 Qh6 14. Qe2 f4 15.
Bxe5 fxg3 16. Bxg3 Nh5 17. a3 a5 18. Qe3 Qxe3 19. fxe3 Nxg3 20. hxg3 Bd6 21.
Kh2 Rf6 22. e5 Nxe5 23. Nxe5 Rh6+ 24. Kg1 Bxe5 25. Bxb7 Re8 26. Rad1 c6 27. Nf3
Bg4 28. Nxe5 Bxd1 29. Nxc6 Bxb3 30. Nxa5 Bc2 31. Bd5+ Kh8 32. Nc6 Rf6 33. Rxf6
gxf6 34. Kf2 Ba4 35. Nb4 Rc8 36. Ke2 Rc7 37. g4 Bd7 38. Kf3 Ra7 39. Nc2 Ba4 40.
Nd4 Bd1+ 41. Kf4 Rxa3 42. c5 Ra5 43. Ne6 Ba4 44. Kf5 Bd1 45. e4 Ra3 46. c6 Rf3+
47. Nf4 Rc3 48. Kxf6 Bxg4 49. e5 Bf3 50. c7 Bg4 51. Be6 Rc6 52. Kg5 h5 53.
c8=Q+ Rxc8 54. Bxc8 Bxc8 1/2-1/2

[Event "VI Festival A"]
[Site "Amantea ITA"]
[Date "2008.08.31"]
[Round "1"]
[White "Gad, Ahmad"]
[Black "Marholev, Dimitar"]
[Result "0-1"]
[WhiteElo "1957"]
[BlackElo "2366"]
[PlyCount "52"]
[EventDate "2008.08.31"]

1. e4 e5 2. Nf3 Nc6 3. d4 exd4 4. Nxd4 Bc5 5. Be3 Qf6 6. Nb5 Bxe3 7. fxe3 Qh4+
8. g3 Qxe4 9. Nxc7+ Kf8 10. Nxa8 Qxh1 11. Qd6+ Nge7 12. Nd2 Qd5 13. Nc4 b5 14.
Qxd5 Nxd5 15. Rd1 Ncb4 16. Nd6 Ke7 17. Nxb5 Nxe3 18. Rd2 Nbxc2+ 19. Kf2 Bb7 20.
Nac7 Rc8 21. Bh3 f5 22. Bxf5 Nxf5 23. Rxc2 Rf8 24. Ke1 a6 25. Nc3 Kd6 26. Ne2
Rc8 0-1

[Event "VI Festival A"]
[Site "Amantea ITA"]
[Date "2008.08.31"]
[Round "1"]
[White "Garofalo, Massimo"]
[Black "Damia, Angelo"]
[Result "0-1"]
[WhiteElo "1829"]
[BlackElo "2247"]
[PlyCount "40"]
[EventDate "2008.08.31"]

1. e4 c5 2. Nf3 a6 3. d4 cxd4 4. Nxd4 Nf6 5. Nc3 e5 6. Nf3 Bb4 7. Qd3 d5 8.
Nxe5 Qe7 9. Nf3 dxe4 10. Qc4 exf3+ 11. Be3 Be6 12. Qh4 Nd5 13. Qxe7+ Kxe7 14.
O-O-O Nxe3 15. fxe3 Bxc3 16. bxc3 fxg2 17. Bxg2 Nc6 18. Kb2 Rad8 19. Rd3 Ne5
20. Rxd8 Rxd8 0-1

[Event "VI Festival A"]
[Site "Amantea ITA"]
[Date "2008.08.31"]
[Round "1"]
[White "Isonzo, David"]
[Black "Ambrosanio, Raffaele"]
[Result "1-0"]
[WhiteElo "2362"]
[BlackElo "1942"]
[PlyCount "143"]
[EventDate "2008.08.31"]

1. e4 d6 2. d4 Nf6 3. Nc3 g6 4. g3 Bg7 5. Bg2 O-O 6. Nge2 e5 7. h3 Nc6 8. Be3
exd4 9. Nxd4 Bd7 10. Nde2 Ne5 11. O-O Qc8 12. g4 Bc6 13. b3 b6 14. a4 a5 15.
Ng3 Bb7 16. Qd2 Nc6 17. Bh6 Nb4 18. Nf5 gxf5 19. Bxg7 Kxg7 20. Qg5+ Kh8 21.
Qxf6+ Kg8 22. gxf5 Qd8 23. Qh6 f6 24. Qd2 Kh8 25. f4 Rg8 26. Kh2 Qf8 27. Bf3
Qh6 28. Ne2 Ba6 29. c4 Rae8 30. Rg1 Bb7 31. Rxg8+ Rxg8 32. Rd1 Na6 33. Qe3 Nc5
34. Ng3 Qh4 35. Rg1 Re8 36. Re1 Rg8 37. Rg1 Re8 38. Bh1 Qh6 39. Rf1 Nd7 40. Qf3
Nc5 41. Re1 Qh4 42. Re3 Qh6 43. Qh5 Qf8 44. Qh4 Re7 45. Nh5 Nd7 46. Bf3 Qh6 47.
Qg4 Ne5 48. fxe5 Qxe3 49. exf6 Qf2+ 50. Bg2 Rf7 51. Ng3 Qb2 52. Nh5 Qe5+ 53.
Kh1 Qa1+ 54. Kh2 Qe5+ 55. Kg1 Qa1+ 56. Kf2 Qd4+ 57. Kg3 Qc3+ 58. Kh4 Qe3 59.
Bf3 Qh6 60. Qg1 Qd2 61. Qg4 Qh6 62. Qg5 Qf8 63. Qg7+ Qxg7 64. fxg7+ Kg8 65. Kg5
Bc6 66. f6 Bd7 67. h4 Be8 68. e5 dxe5 69. Bd5 c6 70. Bxf7+ Kxf7 71. Ng3 b5 72.
Nf5 1-0

[Event "VI Festival A"]
[Site "Amantea ITA"]
[Date "2008.08.31"]
[Round "1"]
[White "Lombardi, Mariano"]
[Black "Bentivegna, Francesco"]
[Result "0-1"]
[WhiteElo "1928"]
[BlackElo "2329"]
[PlyCount "88"]
[EventDate "2008.08.31"]

1. Nf3 f5 2. d4 Nf6 3. c4 g6 4. Nc3 Bg7 5. e3 O-O 6. Bd3 d6 7. O-O Qe8 8. d5
Na6 9. a3 c6 10. Rb1 Nc5 11. Nd4 Nxd3 12. Qxd3 Bd7 13. b4 Qf7 14. dxc6 bxc6 15.
Bb2 Ng4 16. Nf3 Rad8 17. h3 Ne5 18. Nxe5 dxe5 19. Rfd1 h6 20. c5 f4 21. exf4
Bf5 22. Qxd8 Rxd8 23. Rxd8+ Kh7 24. Re1 exf4 25. Na4 e5 26. Ra8 f3 27. Bxe5
fxg2 28. Bxg7 Kxg7 29. Rae8 Qb3 30. R1e3 Qxa4 31. Kxg2 h5 32. R8e7+ Kf6 33. Rc7
Kg5 34. Rg3+ Kh6 35. h4 Be4+ 36. f3 Qc2+ 37. Kg1 Qd1+ 38. Kf2 Qd2+ 39. Kf1 Bd3+
40. Kg1 Qe1+ 41. Kh2 Qf2+ 42. Rg2 Qxh4+ 43. Kg1 Qe1+ 44. Kh2 Qe5+ 0-1

[Event "VI Festival A"]
[Site "Amantea ITA"]
[Date "2008.08.31"]
[Round "1"]
[White "Rigo, Gianfrancesco"]
[Black "Spassov, Liuben D."]
[Result "0-1"]
[WhiteElo "2016"]
[BlackElo "2428"]
[PlyCount "102"]
[EventDate "2008.08.31"]

1. e4 c5 2. Nf3 e6 3. d4 cxd4 4. Nxd4 a6 5. Nc3 b5 6. Bd3 Bb7 7. O-O Nc6 8. Be3
Qc7 9. Kh1 Nf6 10. f4 d6 11. Qf3 Be7 12. Qh3 Nb4 13. Rac1 Nxd3 14. cxd3 Qd7 15.
Rf3 g6 16. Rf2 b4 17. Nce2 Rc8 18. Rxc8+ Qxc8 19. Ng3 h5 20. Rc2 Qd7 21. Nf1
Ng4 22. Bg1 O-O 23. Ne3 f5 24. Nc4 e5 25. Nb6 Qe8 26. Ne6 Rf7 27. exf5 Rxf5 28.
Rc7 Bf6 29. Ng5 Bxg5 30. fxg5 Rf1 31. Qg3 Nf2+ 32. Qxf2 Rxf2 33. Bxf2 Qb8 34.
Re7 Qf8 35. Rxb7 Qxf2 36. h3 Qf1+ 37. Kh2 Qf4+ 38. Kg1 Qxg5 39. Nd5 Qc1+ 40.
Kh2 Qxb2 41. Nf6+ Kf8 42. Rd7 e4 43. Nxe4 Qe5+ 44. Kg1 d5 45. Nd6 Qe6 46. Rd8+
Ke7 47. Re8+ Kxd6 48. Rxe6+ Kxe6 49. Kf2 Ke5 50. Ke3 d4+ 51. Kf3 a5 0-1

[Event "VI Festival A"]
[Site "Amantea ITA"]
[Date "2008.08.31"]
[Round "1"]
[White "Stoja, Rocco"]
[Black "Shaw, David A."]
[Result "0-1"]
[WhiteElo "1899"]
[BlackElo "2269"]
[PlyCount "62"]
[EventDate "2008.08.31"]

1. b3 d5 2. Bb2 c6 3. e3 Nf6 4. f4 Bg4 5. Nf3 Nbd7 6. h3 Bxf3 7. Qxf3 Qc7 8.
Be2 e5 9. fxe5 Nxe5 10. Qf5 Ned7 11. O-O Bd6 12. d3 O-O-O 13. c4 dxc4 14. bxc4
Rde8 15. Qf3 Qb6 16. Bd4 Bc5 17. Bxc5 Qxc5 18. d4 Qg5 19. Kf2 Ne4+ 20. Ke1 Ng3
21. Kd2 Nxf1+ 22. Bxf1 Re6 23. Nc3 Rhe8 24. Re1 Rf6 25. Qe2 Qg3 26. Nd1 c5 27.
Qd3 cxd4 28. Qa3 dxe3+ 29. Rxe3 Rxe3 30. Nxe3 Rxf1 31. Qxa7 Rf2+ 0-1

[Event "VI Festival A"]
[Site "Amantea ITA"]
[Date "2008.09.01"]
[Round "2"]
[White "Ambrosanio, Raffaele"]
[Black "Rigo, Gianfrancesco"]
[Result "1-0"]
[WhiteElo "1942"]
[BlackElo "2016"]
[PlyCount "143"]
[EventDate "2008.08.31"]

1. c4 b6 2. Nf3 Bb7 3. g3 Bxf3 4. exf3 c5 5. d4 cxd4 6. Qxd4 Nc6 7. Qd1 e6 8.
Bg2 Bb4+ 9. Bd2 Qf6 10. Nc3 Qe5+ 11. Qe2 Qxe2+ 12. Kxe2 Nf6 13. a3 Be7 14. f4
Rc8 15. b4 Nd4+ 16. Kd3 Nb3 17. Rad1 Nxd2 18. Rxd2 O-O 19. Rhd1 Rfd8 20. h3 Ne8
21. Nb5 a6 22. Nd4 a5 23. bxa5 bxa5 24. Nb5 Nc7 25. Na7 Rb8 26. Ke2 Bxa3 27.
Nc6 Nd5 28. Nxb8 Nc3+ 29. Kf3 Nxd1 30. Nxd7 Nb2 31. Nf6+ gxf6 32. Rxd8+ Kg7 33.
Rc8 Nd3 34. Ke2 Nc5 35. Bc6 Bb4 36. Rc7 a4 37. Kd1 a3 38. Kc2 Be1 39. g4 Bxf2
40. Ra7 Nb3 41. Ra6 Nd4+ 42. Kb1 Be3 43. Rxa3 Bxf4 44. Bg2 Bd6 45. Rd3 Bc5 46.
Kb2 Kg6 47. Bf1 f5 48. Kc3 e5 49. gxf5+ Kxf5 50. Rg3 Kf6 51. Bd3 e4 52. Bf1 Kf5
53. Rg7 Kf6 54. Rxh7 Kg6 55. Rh4 f5 56. Rh8 Ne6 57. Rc8 f4 58. Rc6 Kf5 59. h4
Bd4+ 60. Kd2 e3+ 61. Kd3 f3 62. Bh3+ Kf4 63. Rxe6 Kg3 64. Kxd4 e2 65. Kd3 Kxh3
66. Rxe2 fxe2 67. Kxe2 Kxh4 68. Kd3 Kg5 69. Kd4 Kf6 70. Kd5 Ke7 71. Kc6 Kd8 72.
Kb7 1-0

[Event "VI Festival A"]
[Site "Amantea ITA"]
[Date "2008.09.01"]
[Round "2"]
[White "Bentivegna, Francesco"]
[Black "Maiorov, Nikita"]
[Result "1/2-1/2"]
[WhiteElo "2329"]
[BlackElo "2535"]
[PlyCount "140"]
[EventDate "2008.08.31"]

1. d4 Nf6 2. Bg5 e6 3. e4 h6 4. Bxf6 Qxf6 5. Nc3 Bb4 6. Nge2 d6 7. Qd2 Nc6 8.
a3 Ba5 9. f4 g5 10. e5 Qg6 11. exd6 cxd6 12. d5 exd5 13. O-O-O Be6 14. Nd4
O-O-O 15. Nb3 Bxc3 16. Qxc3 Kb8 17. Bd3 Bf5 18. Bxf5 Qxf5 19. fxg5 hxg5 20.
Rhf1 Qe6 21. h3 Ne5 22. Qd4 g4 23. hxg4 Nxg4 24. Rfe1 Qh6+ 25. Kb1 f5 26. Re7
Rh7 27. Rde1 Qh4 28. Rxh7 Qxh7 29. Qxd5 Nf6 30. Qd4 Ne4 31. Ka2 Rc8 32. Re2 Qg8
33. Kb1 Qg4 34. Qe3 Rc3 35. bxc3 Qxe2 36. Qd4 Qxg2 37. Qh8+ Kc7 38. Qh7+ Kb6
39. Qxf5 Nxc3+ 40. Kb2 Na4+ 41. Ka2 Nc5 42. Nxc5 dxc5 43. Qf6+ Qc6 44. Qd8+ Ka6
45. Qd2 Qe6+ 46. Kb2 Qe5+ 47. Ka2 Qe4 48. Qd6+ b6 49. Kb1 Ka5 50. Qd7 a6 51.
Qd2+ Ka4 52. Qc3 Qd5 53. Qb2 Qe6 54. Ka1 Qd5 55. Kb1 Qd8 56. Qc3 Qg8 57. Kb2
Qd5 58. Kb1 b5 59. Qb2 a5 60. Qc3 b4 61. axb4 cxb4 62. Qe3 Kb5 63. Qe8+ Qc6 64.
Qe3 a4 65. Qe5+ Ka6 66. Qe2+ Qb5 67. Qe6+ Ka5 68. Qd6 Qb6 69. Qd5+ Qb5 70. Qd8+
Qb6 1/2-1/2

[Event "VI Festival A"]
[Site "Amantea ITA"]
[Date "2008.09.01"]
[Round "2"]
[White "Damia, Angelo"]
[Black "Estremera Panos, Sergio"]
[Result "1/2-1/2"]
[WhiteElo "2247"]
[BlackElo "2394"]
[PlyCount "56"]
[EventDate "2008.08.31"]

1. e4 c5 2. a3 Nc6 3. b4 e5 4. b5 Nd4 5. c3 Ne6 6. Nf3 Nf6 7. Nxe5 Bd6 8. Ng4
Nxe4 9. d3 Nf6 10. Bd2 Nxg4 11. Qxg4 Be7 12. Qd1 O-O 13. Be2 d5 14. O-O a6 15.
bxa6 Rxa6 16. d4 Rc6 17. Bb5 Rd6 18. dxc5 Nxc5 19. Be3 Rg6 20. Kh1 Bd6 21. Qxd5
Be6 22. Qh5 Nb3 23. Ra2 Nd4 24. cxd4 Bxa2 25. Bd3 Be6 26. Bxg6 hxg6 27. Qg5
Qxg5 28. Bxg5 Ra8 1/2-1/2

[Event "VI Festival A"]
[Site "Amantea ITA"]
[Date "2008.09.01"]
[Round "2"]
[White "Duggan, Christopher"]
[Black "Lombardi, Mariano"]
[Result "1-0"]
[WhiteElo "2050"]
[BlackElo "1928"]
[PlyCount "61"]
[EventDate "2008.08.31"]

1. e4 c5 2. Nf3 d6 3. c3 Nf6 4. Be2 Nc6 5. d4 cxd4 6. cxd4 d5 7. exd5 Nxd5 8.
O-O e6 9. Nc3 Be7 10. Re1 O-O 11. Bd3 Nxc3 12. bxc3 Qa5 13. Qc2 Qh5 14. Rb1 a6
15. Ne5 Bd6 16. Re3 f5 17. Rh3 Qe8 18. Nc4 Bc7 19. Ba3 Rf6 20. Re1 b5 21. Ne3
Bb7 22. Nxf5 Qd7 23. Ng3 Bxg3 24. Bxh7+ Kf7 25. Rxg3 Ne7 26. Bxe7 Qxe7 27. Be4
Rc8 28. d5 b4 29. dxe6+ Rxe6 30. Bg6+ Kg8 31. Qb3 1-0

[Event "VI Festival A"]
[Site "Amantea ITA"]
[Date "2008.09.01"]
[Round "2"]
[White "Garofalo, Massimo"]
[Black "Gad, Ahmad"]
[Result "0-1"]
[WhiteElo "1829"]
[BlackElo "1957"]
[PlyCount "62"]
[EventDate "2008.08.31"]

1. e4 c5 2. Nf3 Nc6 3. Nc3 g6 4. Bc4 Bg7 5. d3 Nf6 6. a3 O-O 7. O-O d6 8. h3 e6
9. Bg5 h6 10. Bh4 a6 11. a4 Qc7 12. Qd2 Kh7 13. Nh2 g5 14. Bg3 e5 15. Nd5 Nxd5
16. Bxd5 Ne7 17. h4 Nxd5 18. exd5 Qe7 19. hxg5 Qxg5 20. Nf3 Qh5 21. Qa5 f5 22.
Qc7 f4 23. Bh2 Bg4 24. Nd2 f3 25. Ne4 Bh3 26. Rfe1 Bxg2 27. Qd7 Rad8 28. Nf6+
Rxf6 29. Qxd8 Qg4 30. Bg3 Qh3 31. Bh2 Rg6 0-1

[Event "VI Festival A"]
[Site "Amantea ITA"]
[Date "2008.09.01"]
[Round "2"]
[White "Grimaldi, Fabio"]
[Black "Isonzo, David"]
[Result "0-1"]
[WhiteElo "1814"]
[BlackElo "2362"]
[PlyCount "88"]
[EventDate "2008.08.31"]

1. e4 c5 2. Nf3 d6 3. d4 cxd4 4. Nxd4 Nf6 5. Nc3 a6 6. Bg5 e6 7. f4 Qc7 8. Qf3
Nbd7 9. O-O-O b5 10. g4 Bb7 11. Bxf6 Nxf6 12. Bd3 b4 13. Nce2 e5 14. g5 Nd7 15.
Nb3 Be7 16. Kb1 a5 17. Ng3 a4 18. Nd2 g6 19. h4 a3 20. Bc4 exf4 21. Qxf4 Ne5
22. Rhf1 Rf8 23. Bb3 Qc5 24. Ne2 O-O-O 25. Qg3 Kb8 26. Nf4 Qd4 27. c3 Qc5 28.
Nd5 Bxd5 29. exd5 axb2 30. Kxb2 Rc8 31. Ne4 Qa5 32. Rd4 Qa3+ 33. Kb1 bxc3 34.
Nxc3 Qa5 35. Ne2 Qb6 36. Qf4 Rc5 37. Rc1 Rfc8 38. Rxc5 dxc5 39. Rd2 Bd6 40. Rb2
Nd3 41. Qxf7 Nxb2 42. Qxh7 c4 43. Kxb2 Be5+ 44. Nc3 cxb3 0-1

[Event "VI Festival A"]
[Site "Amantea ITA"]
[Date "2008.09.01"]
[Round "2"]
[White "Marholev, Dimitar"]
[Black "Calzetta Ruiz, Monica"]
[Result "1-0"]
[WhiteElo "2366"]
[BlackElo "2264"]
[PlyCount "71"]
[EventDate "2008.08.31"]

1. e4 c5 2. Nc3 d6 3. f4 g6 4. Bb5+ Bd7 5. Bxd7+ Nxd7 6. Nf3 Bg7 7. d3 e6 8.
O-O Ne7 9. Be3 O-O 10. d4 a6 11. Qd2 cxd4 12. Nxd4 Nb6 13. b3 Rc8 14. Rad1 Qc7
15. Nce2 Nd7 16. c4 Nc5 17. Nc3 e5 18. Nde2 Rfd8 19. f5 f6 20. b4 Nxe4 21. Nxe4
Nxf5 22. Rc1 Nxe3 23. Qxe3 f5 24. Ng5 Bh6 25. h4 Qd7 26. Qd2 Bxg5 27. Qxg5 Qe6
28. Rfe1 Qf7 29. h5 Rd7 30. Ng3 Rdc7 31. Rf1 Qg7 32. Rcd1 Rxc4 33. h6 Qc7 34.
Nxf5 Qb6+ 35. Kh2 Re8 36. Ne7+ 1-0

[Event "VI Festival A"]
[Site "Amantea ITA"]
[Date "2008.09.01"]
[Round "2"]
[White "Procacci, Sergio"]
[Black "Stoja, Rocco"]
[Result "1-0"]
[WhiteElo "2006"]
[BlackElo "1899"]
[PlyCount "39"]
[EventDate "2008.08.31"]

1. e4 g6 2. d4 Bg7 3. Nc3 d6 4. Be2 e5 5. dxe5 Bxe5 6. f4 Bg7 7. Nf3 Ne7 8. Be3
Nbc6 9. Qd2 Bd7 10. Rd1 f5 11. e5 dxe5 12. fxe5 Nxe5 13. Nxe5 Bxe5 14. Bg5 Bc6
15. Qe3 Bd6 16. Bc4 h6 17. Bf6 Rh7 18. O-O Kf8 19. Qe6 Ke8 20. Rfe1 1-0

[Event "VI Festival A"]
[Site "Amantea ITA"]
[Date "2008.09.01"]
[Round "2"]
[White "Sabia, Corrado"]
[Black "De Leon Cultri Fascetti, Angelo"]
[Result "1/2-1/2"]
[WhiteElo "2205"]
[BlackElo "2089"]
[PlyCount "103"]
[EventDate "2008.08.31"]

1. e4 c6 2. d4 d5 3. exd5 cxd5 4. c4 Nf6 5. Nc3 Nc6 6. Bg5 Be6 7. Bxf6 gxf6 8.
c5 Qd7 9. Nge2 Bh6 10. g3 Bg4 11. Bg2 e6 12. O-O O-O-O 13. h3 Bxe2 14. Nxe2 e5
15. Rb1 Qe6 16. b4 Kb8 17. Qa4 Rd7 18. b5 Ne7 19. Nc3 e4 20. c6 Rd6 21. b6 Nxc6
22. Nb5 a6 23. Nxd6 Qxd6 24. f4 Rg8 25. Kh2 f5 26. Rb3 Qf6 27. Re3 Qxd4 28.
Qxd4 Nxd4 29. Rd1 Bg7 30. g4 Bh6 31. Rxd4 Bxf4+ 32. Rg3 h5 33. Rxd5 h4 34. Rxf5
Bxg3+ 35. Kg1 e3 36. Kf1 Rg6 37. Ke2 Bf2 38. Rxf7 Rxb6 39. Re7 Rb2+ 40. Kd3
Rd2+ 41. Kc3 Be1 42. Rxb7+ Kc8 43. Rb1 Rxa2+ 44. Rxe1 Rxg2 45. Rxe3 Rg3 46. Kd4
a5 47. Re5 Rxh3 48. Rxa5 Rg3 49. Rh5 Rxg4+ 50. Ke3 Kc7 51. Kf3 Ra4 52. Kg2
1/2-1/2

[Event "VI Festival A"]
[Site "Amantea ITA"]
[Date "2008.09.01"]
[Round "2"]
[White "Shaw, David A."]
[Black "Shytaj, Luca"]
[Result "1/2-1/2"]
[WhiteElo "2269"]
[BlackElo "2467"]
[PlyCount "59"]
[EventDate "2008.08.31"]

1. e4 Nf6 2. e5 Nd5 3. c4 Nb6 4. d4 d6 5. exd6 exd6 6. Nc3 Be7 7. Be3 Nc6 8. b3
O-O 9. Nf3 Bg4 10. Be2 Re8 11. O-O Bf6 12. Rc1 d5 13. c5 Nc8 14. b4 a6 15. Qb3
N6e7 16. h3 Bxf3 17. Bxf3 c6 18. Qc2 g6 19. g4 b5 20. a4 Na7 21. a5 Kh8 22. Qd2
Ng8 23. Bd1 Bg7 24. Bc2 Nc8 25. Kg2 Ra7 26. Rce1 Rae7 27. h4 Nf6 28. f3 Qd7 29.
Bd1 Re6 30. Bf2 1/2-1/2

[Event "VI Festival A"]
[Site "Amantea ITA"]
[Date "2008.09.01"]
[Round "2"]
[White "Spassov, Liuben D."]
[Black "Savage, Ben D.M."]
[Result "1/2-1/2"]
[WhiteElo "2428"]
[BlackElo "2309"]
[PlyCount "44"]
[EventDate "2008.08.31"]

1. d4 d5 2. c4 dxc4 3. Nf3 Nf6 4. e3 e6 5. Bxc4 c5 6. Qe2 a6 7. dxc5 Bxc5 8.
O-O Nc6 9. a3 O-O 10. Nbd2 b5 11. Bd3 Bb7 12. Nb3 Bd6 13. Rd1 Qe7 14. Bd2 Rfd8
15. h3 Rac8 16. a4 Ne5 17. Nxe5 Bxe5 18. Ba5 Rd5 19. axb5 axb5 20. Bxb5 Bxb2
21. Rxd5 Bxa1 22. Rd1 Ba8 1/2-1/2

[Event "VI Festival A"]
[Site "Amantea ITA"]
[Date "2008.09.02"]
[Round "3"]
[White "De Leon Cultri Fascetti, Angelo"]
[Black "Ambrosanio, Raffaele"]
[Result "1-0"]
[WhiteElo "2089"]
[BlackElo "1942"]
[PlyCount "135"]
[EventDate "2008.08.31"]

1. d4 Nf6 2. Nf3 g6 3. c4 Bg7 4. Nc3 O-O 5. e4 d6 6. Be2 e5 7. O-O Nc6 8. d5
Ne7 9. b4 Nh5 10. Re1 Nf4 11. Bf1 a5 12. bxa5 Rxa5 13. Nd2 c5 14. Nb3 Ra6 15.
a4 f5 16. g3 Nh5 17. exf5 Nxf5 18. Ne4 h6 19. Bg2 Nf6 20. Ra2 Bd7 21. Nbxc5
dxc5 22. Nxc5 Ra7 23. Rxe5 Qc7 24. Nxd7 Nxd7 25. d6 Qc8 26. Re6 Kh7 27. Bb2
Bxb2 28. Rxb2 Nc5 29. Re5 Nd7 30. Reb5 b6 31. g4 Ng7 32. Bd5 Rf6 33. h3 Rxd6
34. Bg8+ Qxg8 35. Qxd6 Qxc4 36. R2b4 Qc3 37. Kg2 Qa3 38. Rd4 Qxd6 39. Rxd6 Ne8
40. Re6 Nef6 41. Re7+ Kg8 42. Rxb6 Rxa4 43. Rd6 Kf8 44. Rexd7 Nxd7 45. Rxd7 Ra6
46. f4 Ra2+ 47. Kg3 Ra3+ 48. Kh4 Ra4 49. Kg3 Ra3+ 50. Kg2 Ra2+ 51. Kg3 Ra3+ 52.
Kh4 Ra4 53. f5 gxf5 54. Kh5 fxg4 55. hxg4 Ra6 56. Rh7 Kg8 57. Rxh6 Ra5+ 58. g5
Kg7 59. Rd6 Rb5 60. Rd7+ Kf8 61. Kh6 Rb1 62. Rd8+ Kf7 63. g6+ Ke7 64. Rd3 Rh1+
65. Kg7 Rg1 66. Re3+ Kd7 67. Kf7 Rf1+ 68. Kg8 1-0

[Event "VI Festival A"]
[Site "Amantea ITA"]
[Date "2008.09.02"]
[Round "3"]
[White "De Rasis, Giovanni"]
[Black "Rigo, Gianfrancesco"]
[Result "0-1"]
[WhiteElo "1912"]
[BlackElo "2016"]
[PlyCount "88"]
[EventDate "2008.08.31"]

1. d4 Nf6 2. c4 e6 3. Nc3 Bb4 4. Bg5 h6 5. Bxf6 Qxf6 6. e4 O-O 7. Nf3 d6 8. e5
dxe5 9. dxe5 Qe7 10. Bd3 Rd8 11. Qe2 Nd7 12. Rd1 Nc5 13. Bb1 Rxd1+ 14. Qxd1 b6
15. Qc2 Bxc3+ 16. bxc3 g6 17. Qd2 Kg7 18. O-O Bb7 19. Rd1 Bxf3 20. gxf3 Qg5+
21. Qxg5 hxg5 22. Bc2 Re8 23. Kg2 Re7 24. h4 gxh4 25. Kh3 Rd7 26. Rd4 g5 27. f4
gxf4 28. Kxh4 f6 29. exf6+ Kxf6 30. Rxf4+ Ke5 31. Rf8 Rd2 32. f4+ Kd6 33. Rd8+
Nd7 34. Ba4 Ke7 35. Rxd7+ Rxd7 36. Bxd7 Kxd7 37. a4 Ke7 38. Kg5 Kf7 39. Kh5 Kf6
40. Kg4 c6 41. c5 bxc5 42. a5 c4 43. Kf3 Kf5 44. Ke3 e5 0-1

[Event "VI Festival A"]
[Site "Amantea ITA"]
[Date "2008.09.02"]
[Round "3"]
[White "Estremera Panos, Sergio"]
[Black "Naumkin, Igor"]
[Result "1/2-1/2"]
[WhiteElo "2394"]
[BlackElo "2502"]
[PlyCount "83"]
[EventDate "2008.08.31"]

1. d4 e6 2. Nf3 f5 3. g3 Nf6 4. Bg2 Be7 5. O-O O-O 6. c4 d6 7. Nc3 a5 8. b3 Qe8
9. Bb2 Qh5 10. Re1 Nc6 11. e4 e5 12. dxe5 dxe5 13. exf5 Qxf5 14. Nd5 Bd6 15. c5
Nxd5 16. cxd6 e4 17. Rxe4 Qxe4 18. Ng5 Qf5 19. Bxd5+ Kh8 20. f4 cxd6 21. Qh5
Bd7 22. Nf7+ Rxf7 23. Qxf7 Qxf7 24. Bxf7 Rf8 25. Bc4 Re8 26. Rd1 Be6 27. Re1
Bf7 28. Rxe8+ Bxe8 29. Kf2 Nb4 30. a3 d5 31. Be2 Nc6 32. Ke3 Kg8 33. f5 g6 34.
fxg6 Bxg6 35. Bc3 Bf7 36. Bd1 Be6 37. g4 h6 38. h4 Kf7 39. b4 d4+ 40. Bxd4 axb4
41. axb4 Nxb4 42. g5 1/2-1/2

[Event "VI Festival A"]
[Site "Amantea ITA"]
[Date "2008.09.02"]
[Round "3"]
[White "Gad, Ahmad"]
[Black "Duggan, Christopher"]
[Result "1/2-1/2"]
[WhiteElo "1957"]
[BlackElo "2050"]
[PlyCount "115"]
[EventDate "2008.08.31"]

1. e4 c5 2. Nf3 Nc6 3. d4 cxd4 4. Nxd4 e5 5. Nb5 a6 6. Nd6+ Bxd6 7. Qxd6 Qf6 8.
Qxf6 Nxf6 9. Nc3 Nb4 10. Bd3 h6 11. Be3 d6 12. Ke2 O-O 13. Rhd1 Be6 14. a3 Nxd3
15. cxd3 Rac8 16. Rac1 Ng4 17. h3 Nxe3 18. fxe3 f5 19. Nd5 Bxd5 20. exd5 Kf7
21. Rc4 b5 22. Rc3 Rxc3 23. bxc3 Rc8 24. Rc1 g5 25. c4 Ke7 26. g3 Kd7 27. Kd2
Rc5 28. Rf1 bxc4 29. dxc4 Rxc4 30. Rxf5 Rc5 31. Rf7+ Ke8 32. Rh7 Rxd5+ 33. Kc3
e4 34. Rxh6 Rd3+ 35. Kb4 Ke7 36. Rg6 a5+ 37. Kxa5 Rxa3+ 38. Kb5 Rxe3 39. Rxg5
Rc3 40. Kb4 Rc8 41. h4 e3 42. Ra5 Rg8 43. Kc3 Rxg3 44. Kd3 Kf6 45. Ke2 Rh3 46.
h5 Ke6 47. h6 d5 48. h7 d4 49. Kd3 e2+ 50. Kxe2 Rxh7 51. Kd3 Rd7 52. Ra4 Ke5
53. Ra5+ Rd5 54. Rxd5+ Kxd5 55. Kd2 Kc4 56. Kc2 d3+ 57. Kd2 Kd4 58. Kd1 1/2-1/2